Tekst Piosenki White2115 ,,California'' - Statystyki

Ogólne statystyki
  • Ten quiz został rozwiązany 3 578 razy
    3 449 od ostatniego zresetowania
  • Średni wynik to 50 z 201
Statystyki odpowiedzi
Hint Odpowiedź % Poprawnych
1 I
100%
weź
97%
prace
96%
96%
odstaw
95%
papieroska
95%
zapalmy
95%
niech
94%
końca
93%
ma
93%
nie
93%
butelka
91%
będzie
89%
mną
89%
słońca
89%
zachód
89%
ze
89%
i
87%
i
76%
i
76%
California.
75%
jak
61%
Kocham
61%
się
60%
to
60%
i
58%
jest
58%
cholernie
57%
sucho
57%
dłużą
56%
dni
55%
w
55%
pył
52%
i
49%
mną
48%
wszyscy
48%
ze
48%
muszą
47%
jak
46%
pić
46%
dziewczyny
45%
to
45%
gdzieś
44%
nad
44%
wode
44%
bracie
43%
jechać
43%
nawigacje
43%
pierdol
43%
przecież
43%
samochodem
43%
by
42%
drogę
42%
już
42%
ruszyć
42%
świetnie
42%
znam
42%
budzą
40%
energoli
37%
ja
37%
karton
37%
miasto
37%
pełen
37%
przez
37%
160
36%
chuj
35%
ich
33%
mandaty
33%
mi
33%
miesiąc
33%
nie
33%
płace
33%
za
33%
zdjęcie
33%
przyślą
32%
radia
23%
z
23%
Guns
22%
Roses
19%
and
18%
Californie
16%
czuje
16%
jade
16%
po
16%
szyberdachu
16%
American
15%
będzie
15%
bo
15%
dziś
15%
Pie
15%
wiatr
15%
chcę
13%
dobrze
13%
dziś
13%
z
12%
bo
9%
chuj
9%
I
9%
jakbym
9%
materialne
9%
płynął
9%
rzeczy
9%
statkiem
9%
te
9%
to
9%
w
9%
weź
9%
jest
8%
na
8%
pamięć
8%
prace
8%
zawsze
8%
będzie
7%
butelka
7%
California
7%
I
7%
końca
7%
ma
7%
mną
7%
nie
7%
niech
7%
odstaw
7%
papieroska
7%
słońca
7%
zachód
7%
zapalmy
7%
ze
7%
I
6%
California
5%
California
5%
I
5%
biore
4%
chore
4%
Latynos
4%
mówią
4%
na
4%
szame
4%
4%
wynos
4%
co
3%
ja
3%
jest
3%
mi
3%
nie
3%
polej
3%
tylko
3%
widzą
3%
wino
3%
i
2%
i
2%
i
2%
i
2%
niech
2%
wolę
2%
Beam
1%
bo
1%
chuj
1%
ci
1%
co
1%
co
1%
drogin
1%
Jim
1%
kasa
1%
kurwa
1%
mi
1%
mi
1%
mi
1%
miałem
1%
miękie
1%
Moet
1%
nawet
1%
nawet
1%
nawet
1%
nie
1%
nie
1%
nie
1%
nie
1%
no
1%
nowe
1%
pale
1%
przepiłem
1%
przepiłem
1%
przynąć
1%
się
1%
Sirok
1%
sprowadze
1%
szkoda
1%
szkoda
1%
szkoda
1%
1%
tracę
1%
wydaje
1%
wyrko
1%
z
1%
zaraz
1%
zdrowie
1%
zdzirą
1%
zegarek
1%
zgadnij
1%
ziomek
1%
więc
0%
Nie znaleziono quizów pasujących do podanych kryteriów
Rozkład punktacji
Procent ludzi z każdym wynikiem
Percentyl według liczby udzielonych odpowiedzi
Twoja historia wyników
Nie rozwiązałeś tego quizu od ostatniego zresetowania